Quizzes
Events
Quiz Creation
Community
Videos
Private Events
Remove Ads
Sign In
Join for FREE
Feedback
Dark Mode
Quiz Categories
Sports
Geography
Music
Movies
Television
Just For Fun
Miscellaneous
History
Literature
Language
Science
Gaming
Entertainment
Religion
Holiday
For Kids
Quiz Lab
Recent
Popular Today
Quiz Kudos Today
Editor Picks
Curator Picks
Quizzes by...
Day
Popularity
Type
Ratings
Length
Year
Community
Subscriptions
Recent Discussions
Orange Saloon
Badges
Playlists
Quests
Create
Leaderboards
Showdown
Live 5
Trivia Bingo
Activity
Puzzle Library
Sporcle Events
Private Events
Virtual Trivia
Globe League
Become a Host
Pub Owners
SporcleCon
Opinionation
Our Games
Videos
Blog
Mobile Apps
Partnerships
Remove Ads and Go Orange
Feedback
Sports
Athletes
MLB
NBA
NHL
NFL
Soccer
Sports Teams
WWE
NCAA
Football
Premier League
Basketball
Baseball
Hockey
Golf
Tennis
Cricket
Rugby
Auto Racing
Olympics
World Cup
Sports
Athletes
MLB
NBA
NHL
NFL
Soccer
Sports Teams
WWE
NCAA
Football
Premier League
Basketball
Baseball
Hockey
Golf
Tennis
Cricket
Rugby
Auto Racing
Olympics
World Cup
Random Quiz
Search Sporcle
×
Quiz Lab
Quiz Lab
Sports
Baseball
Type in answers that appear in a list
Type in answers that appear in a list
Classic
Best Score? Go Orange.
Sporting News Top 50 Baseball Players Stats
Can you name the Sporting News Top 50 Baseball Players?
By
laxer151
10m
50 Questions
455 Plays
455 Plays
455 Plays
Comments
Comments
Give Quiz Kudos
Give Quiz Kudos
-
- Ratings
hide this ad
Replay
Link that replays current quiz
Next Quiz
Link to next quiz in quiz playlist
You Got
0%
They Got
Avg Score
77%
Avg Friend Score
Upgrade to see
Score Distribution
Jump to the score distribution portion of the page
Score
0/50
Timer
10:00
0
Plays Today
Team
Player
% Correct
Yankees
Alex Rodriguez
97.8%
Cardinals
Albert Pujols
97.6%
Yankees
Derek Jeter
97.4%
Twins
Joe Mauer
96.7%
Phillies
Ryan Howard
94.9%
Marlins
Hanley Ramirez
93%
Dodgers
Manny Ramirez
92.5%
Phillies
Roy Halladay
92.3%
Giants
Tim Lincecum
91.4%
Phillies
Chase Utley
91.2%
Brewers
Prince Fielder
89.2%
Mariners
Cliff Lee
88.4%
Mariners
Ichiro Suzuki
88.1%
Yankees
C.C. Sabathia
87.5%
Rays
Evan Longoria
87.5%
Cubs
Derrek Lee
87.5%
Yankees
Marino Rivera
86.2%
Twins
Justin Morneau
85.9%
Tigers
Miguel Cabrera
85.7%
Red Sox
Dustin Pedroia
84.4%
Brewers
Ryan Braun
84.4%
Cardinals
Chris Carpenter
84.2%
Mets
David Wright
83.7%
Yankees
Mark Teixeira
83.5%
Padres
Adrian Gonzalez
83.1%
Team
Player
% Correct
Royals
Zack Greinke
82.4%
Mets
John Santana
80%
Tigers
Justin Verlander
78.7%
Mariners
Felix Hernandez
78.2%
Cardinals
Matt Holliday
76.5%
Red Sox
Josh Beckett
75.4%
Dodgers
Matt Kemp
75.2%
Rays
Carl Crawford
73%
Rockies
Todd Helton
70.8%
Nationals
Ryan Zimmerman
70.1%
Red Sox
Kevin Youkilis
68.6%
Rockies
Troy Tulowitzki
67%
Cardinals
Adam Wainwright
66.8%
Dodgers
Andre Ethier
66.6%
Marlins
Josh Johnson
66.6%
Rays
Carlos Pena
64.6%
Phillies
Jayson Werth
60.7%
Giants
Pablo Sandoval
58.7%
Angels
Torii Hunter
58.5%
Blue Jays
Aaron Hill
52.1%
Braves
Brian McCann
51.2%
Mets
Jason Bay
51%
Red Sox
John Lackey
50.8%
Diamondbacks
Dan Haren
48.8%
Angels
Bobby Abreu
33.8%
Quiz Playlist
Details
Report
Send in Message
Add To Playlist
Classic:
Type in answers that appear in a list
Last Updated: Feb 16, 2017
Quiz Scoreboard
CHALLENGE
Sign Up to Join the Scoreboard
Show All
Scores
Hide
Comments
May contain spoilers
Recently Published
An Introduction to Baseball
by treessimontrees
Sports
5m
Movies - When Are They Set?
by FPL_Elf
Movies
5m
Popular People in 1961
by mucciniale
History
6m
More to Explore
Quiz From the Vault
Featured Blog Post
Where Did the Easter Bunny Come From?
hide this ad
You Might Also Like...
Tags
Baseball Quiz
Player
team
Top 50
Today's Top Quizzes in Sports
Browse Sports
hide this ad
Today's Top Quizzes in Baseball
Browse Baseball
Top Contributed Quizzes in Sports
1
Les meilleurs buteurs des matchs entre le PSG et l’OM
2
2022 World Cup Stars
3
FIFA Club World Cup Champions
4
Les entraîneurs de l'OM et du PSG au 21e siècle
5
Name the Premier League winners with different clubs
6
La finale Lions - Afrique du Sud 2021
7
Les joueurs passés par le LOSC et le RC Lens
8
Criteria MLB: Left Handed Sluggers
9
Players with Multiple 50 Home Run Seasons
10
5-to-1: UK Sports Teams
Explore More
Trending Topics
Crossword
NBA
Anime
Kpop
Marvel
Disney
Harry Potter
Song
Puzzle
Pokémon
The Office
Soccer
Country
NFL
WWE
hide this ad
More By:
laxer151
Quiz
Plays
Rating
Category
Featured
Created
Sporting News Top 50 Baseball Players
455
4.25
Sports
Jun 3, 2010
Go to Creator's Profile
Score Distribution
Quiz Creator Spotlight
laxer151
Follow
Send a Message
Quizzes Created
-
Created Quiz Play Count
-
More By This Creator
Popular Quizzes Today
1
Find the Countries of Europe - No Outlines Minefield
2
Find the US States - No Outlines Minefield
3
The Countries of the World
4
Popular People in 1961
5
US States
6
Find the US States
7
1-10 Letter E Words III
8
Risky Map Clicking: Biggest States A-Z
More Sports Quizzes
Picture Click: Packers QBs
Quiz Lab
Trending Quizzes
Risky Map Clicking: Least Populous States A-Z
1-10 Letter F Words
1-10 Letter G Words
One Thing in Common: United Kingdom
Not Quite an Element Typing Challenge
Recently Updated
Leaping Animals
pecheneg
Reality TV Shows (A-Z)
bhenderson79
Rickey Henderson's Hall of Fame Teammates
pecheneg
Champions League XIs: Arsenal
pecheneg
Quick Pick: Celebrities in WWE's Hall of Fame
aduchscher
A-Z Keypad Blitz II
pecheneg
Multiple Oscar Actors
pecheneg
Mystery Phrase Blitz: Oscar 'Best Actors'
pecheneg
F. Scott Fitzgerald Novels
LTH
Pick 3 Villains
ddd62291
Trending Topics
Disney
Kpop
Anime
Crossword
Marvel
NBA
Harry Potter
Pokémon
The Office
Song
NFL
Country
Soccer
Puzzle
WWE
Your Account Isn't Verified!
In order to create a playlist on Sporcle, you need to verify the email address you used during registration. Go to your
Sporcle Settings
to finish the process.
Report this User
Report this user for behavior that violates our
Community Guidelines
.
Details:
Send Report
Go to the Sporcle.com Mobile Site →
Comments